[Event "Titled Tue 10th Jun Early"]
[Site "chess.com INT"]
[Date "2025.06.10"]
[Round "7"]
[White "Bezerra, Flavio Rodrigo Costa"]
[Black "Weerasekara, Dishal Nimsara"]
[Result "0-1"]
[BlackTitle "FM"]
[WhiteElo "2096"]
[BlackElo "2125"]
[WhiteFideId "2114704"]
[BlackFideId "9997431"]
[EventDate "2025.06.10"]

1. d4 Nf6 2. Bf4 e6 3. e3 d5 4. Nf3 Bd6 5. Bg3 O-O 6. Bd3 b6 7. Qe2 Bb7 8. Nbd2
c5 9. c3 Nc6 10. Ne5 Bxe5 11. dxe5 Nd7 12. f4 f5 13. exf6 Qxf6 14. O-O Rae8 15.
e4 Qh6 16. Qf3 Nde5 17. Qe2 Nxd3 18. Qxd3 Rd8 19. Rad1 Qh5 20. Nf3 Ba8 21. Qc2
dxe4 22. Rxd8 Nxd8 23. Ng5 Qg6 24. Re1 Nf7 25. Nxf7 Qxf7 26. Qa4 Qb7 27. Re3 Rd8
28. h3 b5 29. Qb3 c4 30. Qb4 Rd7 31. f5 exf5 32. Be5 Qd5 33. Bd4 Bc6 34. Qa5 f4
35. Re2 e3 36. Qa6 Re7 37. Qc8+ Re8 38. Qg4 Qf7 39. Re1 Rf8 40. Rf1 Bd7 41. Qg5
Qg6 42. Qd5+ Be6 43. Qxb5 f3 44. Rxf3 Rxf3 45. Qb8+ Rf8 46. Qh2 Qf7 47. Qg3 Qf1+
48. Kh2 Qf4 49. Qxf4 Rxf4 0-1

[Event "Titled Tue 10th Jun Early"]
[Site "chess.com INT"]
[Date "2025.06.10"]
[Round "7"]
[White "Boramanikar, Tanisha S"]
[Black "Mata Gonzalez, Jose Fernando"]
[Result "0-1"]
[WhiteTitle "WCM"]
[BlackTitle "CM"]
[WhiteElo "1743"]
[BlackElo "2164"]
[WhiteFideId "35023454"]
[BlackFideId "5107423"]
[EventDate "2025.06.10"]

1. d4 Nf6 2. Bf4 c5 3. e3 cxd4 4. exd4 d5 5. Nf3 Nc6 6. Nc3 g6 7. Be2 Bg7 8. O-O
O-O 9. Ne5 e6 10. h4 Nxe5 11. dxe5 Nd7 12. h5 Nxe5 13. h6 Bf6 14. Re1 Nc6 15.
Bf3 Bd7 16. Qe2 Nd4 17. Qd3 Nxf3+ 18. Qxf3 Bc6 19. Rad1 Bg5 20. Qg3 Bf6 21. Ne4
dxe4 22. Rxd8 Bxd8 23. Qc3 f6 24. Rd1 Be7 25. Be3 Rfd8 26. Rxd8+ Rxd8 27. g3 Kf7
28. a3 a6 29. Bc5 e5 30. Bxe7 Kxe7 31. Qb4+ Ke6 32. Qb3+ Kf5 33. Qf7 Rd1+ 34.
Kh2 e3 35. g4+ Kg5 36. fxe3 Rd2+ 37. Kg1 Rg2+ 38. Kf1 Rxg4 39. Qxh7 Rh4 40. Qf7
Rxh6 41. c4 Rh2 42. b4 f5 43. Qe7+ Kg4 44. Qf6 g5 45. Qxe5 Rh1+ 46. Ke2 Be4 47.
b5 axb5 48. cxb5 Rb1 49. a4 Rb4 50. a5 Ra4 51. b6 Ra2+ 52. Kd1 Kf3 53. Qd4 Ra3
54. Qc5 Rd3+ 55. Kc1 g4 56. Qb5 g3 57. a6 g2 58. a7 g1=Q+ 59. Kb2 Qg2+ 60. Ka1
Rd1+ 61. Qb1 Rxb1# 0-1

[Event "Titled Tue 10th Jun Early"]
[Site "chess.com INT"]
[Date "2025.06.10"]
[Round "7"]
[White "Harshavardhan, G B"]
[Black "Novosel, Lovro"]
[Result "1-0"]
[WhiteTitle "IM"]
[BlackTitle "FM"]
[WhiteElo "2472"]
[BlackElo "2338"]
[WhiteFideId "25059009"]
[BlackFideId "14547120"]
[EventDate "2025.06.10"]

1. e4 c5 2. Nf3 d6 3. Bc4 Nf6 4. d3 e6 5. O-O Be7 6. c3 O-O 7. Qe2 a6 8. a4 b6
9. Bf4 Bb7 10. Nbd2 Nc6 11. h3 Qc7 12. Bh2 h6 13. Rac1 Rfc8 14. d4 cxd4 15. cxd4
Na5 16. e5 Ne8 17. exd6 Bxd6 18. Bxe6 Bxh2+ 19. Nxh2 Qxc1 20. Rxc1 Rxc1+ 21.
Ndf1 fxe6 22. Qxe6+ Kh8 23. Ng4 Nc4 24. Qe7 Bd5 25. Qf8+ Bg8 26. Nxh6 Rxf1+ 27.
Kxf1 gxh6 28. Qxh6+ Bh7 29. Qc6 Bd3+ 30. Kg1 Rd8 31. Qh6+ Bh7 32. Qc6 Ned6 33.
b3 Nd2 34. Qc7 Re8 35. h4 Nf5 36. Qf4 Re1+ 37. Kh2 Ne4 38. g4 Nxh4 39. Qf8+ Bg8
40. Qh6+ Bh7 41. Qxh4 Rd1 42. Qd8+ Kg7 43. Qe7+ Kg8 44. f3 Nd2 45. Qe2 Nf1+ 46.
Kh3 Rb1 47. Qe8+ Kg7 48. Qe7+ Kg8 49. g5 Nd2 50. Qe6+ Kg7 51. Qf6+ Kg8 52. g6
Rh1+ 53. Kg2 Rh6 54. Qf7+ Kh8 55. g7# 1-0

[Event "Titled Tue 10th Jun Early"]
[Site "chess.com INT"]
[Date "2025.06.10"]
[Round "7"]
[White "Zeliantsova, Kseniya"]
[Black "Lee, Junhyeok"]
[Result "0-1"]
[WhiteTitle "WFM"]
[BlackTitle "IM"]
[WhiteElo "2062"]
[BlackElo "2434"]
[WhiteFideId "13512617"]
[BlackFideId "13202340"]
[EventDate "2025.06.10"]

1. e4 c5 2. Nf3 d6 3. Bb5+ Nd7 4. a4 Nf6 5. Nc3 a6 6. Be2 b6 7. d4 cxd4 8. Qxd4
Bb7 9. O-O e6 10. Rd1 Be7 11. Nd2 Ne5 12. Nb3 O-O 13. Be3 Nfd7 14. f4 Nc6 15.
Qd2 Qc7 16. Qe1 Rac8 17. Qf2 Nb4 18. Bf3 Rfe8 19. Rd2 Nc5 20. Rad1 Bc6 21. Nxc5
bxc5 22. g4 Bf8 23. Qg2 Red8 24. Bf2 d5 25. e5 d4 26. Ne4 Bxa4 27. Bh4 Re8 28.
Bg3 Bc6 29. f5 Nd5 30. Nd6 Ne3 31. Nxe8 Rxe8 32. Qf2 Nxd1 33. Rxd1 Rd8 34. f6
Bxf3 35. Qxf3 g6 36. g5 c4 37. Bf4 Bc5 38. Kh1 Qd7 39. Rd2 d3 40. cxd3 cxd3 41.
h4 a5 42. h5 Bb4 43. Rd1 d2 44. hxg6 hxg6 45. Kg2 Qd4 46. Kg3 Qc4 47. Rh1 Rd3
48. Be3 Qd5 49. Qxd5 exd5 50. Kf2 d1=Q 51. Rxd1 Rxd1 52. Ke2 Rb1 53. Bd4 a4 54.
Kd3 Rg1 55. Kc2 Rg2+ 56. Kd3 Rg3+ 57. Be3 Bc5 0-1

[Event "Titled Tue 10th Jun Early"]
[Site "chess.com INT"]
[Date "2025.06.10"]
[Round "7"]
[White "Caku, Kler"]
[Black "Thorhallsson, Simon"]
[Result "0-1"]
[WhiteTitle "WFM"]
[BlackTitle "FM"]
[WhiteElo "2010"]
[BlackElo "2202"]
[WhiteFideId "4704703"]
[BlackFideId "2310090"]
[EventDate "2025.06.10"]

1. e4 c5 2. Nf3 d6 3. d4 cxd4 4. Nxd4 Nf6 5. Nc3 Nc6 6. Be2 g6 7. Be3 Bg7 8. O-O
O-O 9. h3 Bd7 10. Qd2 Rc8 11. Nxc6 Bxc6 12. Bd3 b5 13. a3 a5 14. Bh6 b4 15. Bxg7
Kxg7 16. axb4 axb4 17. Ne2 Bxe4 18. Bxe4 Nxe4 19. Qd4+ Nf6 20. Qxb4 Rxc2 21. Nc3
Qb8 22. Qa4 Rxb2 23. Rfe1 Rb7 24. Qd4 Kg8 25. Ra3 e5 26. Qh4 Kg7 27. Ne2 Rb1 28.
Rxb1 Qxb1+ 29. Kh2 Qb2 30. Rf3 Ng8 31. Ng3 Qc1 32. Qg4 Kh8 33. h4 f5 34. Qg5
Qxg5 35. hxg5 Rd8 36. Rd3 d5 37. f4 e4 38. Rd4 Ne7 39. Nf1 Nc6 40. Rd1 d4 41.
Kg3 Kg7 42. Kf2 h6 43. gxh6+ Kxh6 44. g4 fxg4 45. Ng3 e3+ 46. Ke2 Kg7 47. f5
gxf5 48. Nxf5+ Kf6 49. Rf1 Kg5 50. Ng3 Kh4 51. Nf5+ Kh3 52. Rh1+ Kg2 53. Rh4 Ne5
54. Rh5 Nc4 55. Kd3 Nb2+ 56. Ke2 d3+ 57. Kxe3 d2 58. Nh4+ Kg3 59. Nf5+ Kg2 60.
Nh4+ Kg1 61. Rg5 d1=Q 62. Nf5 Qf3# 0-1

[Event "Titled Tue 10th Jun Early"]
[Site "chess.com INT"]
[Date "2025.06.10"]
[Round "7"]
[White "Fofanov, Ilia"]
[Black "Gavarrete, Nahun"]
[Result "1-0"]
[WhiteTitle "CM"]
[BlackTitle "FM"]
[WhiteElo "2182"]
[BlackElo "2281"]
[WhiteFideId "4158962"]
[BlackFideId "8400709"]
[EventDate "2025.06.10"]

1. e4 e5 2. Nf3 Nc6 3. Bb5 Nf6 4. O-O d6 5. d4 exd4 6. Nxd4 Bd7 7. Bxc6 bxc6 8.
Bf4 Be7 9. e5 dxe5 10. Bxe5 O-O 11. Nc3 c5 12. Nb3 Be6 13. Qxd8 Rfxd8 14. Bxc7
Rdc8 15. Be5 Nd7 16. Bf4 Bf6 17. Rad1 Nb6 18. Ne4 Bf5 19. Nd6 Bxc2 20. Nxc8 Rxc8
21. Rd2 Bg6 22. Be3 c4 23. Nc5 h6 24. Nd7 Nxd7 25. Rxd7 Bxb2 26. Bc1 Bf6 27.
Rxa7 c3 28. a4 c2 29. a5 Bg5 30. a6 Bxc1 31. Rxc1 Rd8 32. Re7 Ra8 33. a7 Kh7 34.
h4 f6 35. Rc7 Rd8 36. Re7 Rd1+ 37. Re1 Rd8 38. f3 Ra8 39. Re7 Rd8 40. Kh2 Ra8
41. Rb7 Bf5 42. Ra1 Kg6 43. Rb8 Rxa7 44. Rc1 Rc7 45. g4 Bd3 46. h5+ Kf7 47. Rd8
Rc3 48. Kg3 Ke7 49. Rxd3 Rxd3 50. Rxc2 Rd6 51. Rc7+ Kf8 52. Kf4 Re6 53. Kf5 Re8
54. Kg6 Re7 55. Rxe7 Kxe7 56. Kxg7 Ke6 57. Kxh6 f5 58. g5 Kf7 59. g6+ Kg8 60.
Kg5 Kg7 61. h6+ Kh8 62. h7 Kg7 63. Kxf5 Kh8 64. Ke6 Kg7 65. f4 Kh8 66. f5 Kg7
67. f6+ Kh8 68. f7 Kg7 69. Ke7 Kh8 70. f8=Q# 1-0

[Event "Titled Tue 10th Jun Early"]
[Site "chess.com INT"]
[Date "2025.06.10"]
[Round "7"]
[White "Dwilewicz, Katarzyna"]
[Black "Mohylnyi, Stepan"]
[Result "0-1"]
[WhiteTitle "WFM"]
[BlackTitle "FM"]
[WhiteElo "2198"]
[BlackElo "2314"]
[WhiteFideId "1148486"]
[BlackFideId "34127836"]
[EventDate "2025.06.10"]

1. e4 c5 2. Nc3 Nc6 3. Bb5 Nd4 4. Bc4 e6 5. Nge2 Ne7 6. O-O Nec6 7. d3 Be7 8.
Nxd4 cxd4 9. Ne2 O-O 10. a4 d6 11. f4 e5 12. f5 Bg5 13. Ng3 Kh8 14. Qh5 Bxc1 15.
Raxc1 f6 16. Rf3 Ne7 17. Bf7 Ng8 18. Ne2 Nh6 19. Bd5 Qe8 20. Qh4 Nf7 21. g4 Bd7
22. b3 Bc6 23. Bxc6 bxc6 24. Qe1 d5 25. Ng3 Ng5 26. Rf1 Nh3+ 27. Kh1 Qe7 28. Qe2
Nf4 29. Qf3 g5 30. fxg6 hxg6 31. Ne2 Ne6 32. exd5 cxd5 33. Qxd5 Kg7 34. Rce1
Rad8 35. Qg2 Rh8 36. Ng3 Qc7 37. Ne4 Nf4 38. Rxf4 exf4 39. Rf1 g5 40. Kg1 Rc8
41. Rf2 Qe5 42. Qf1 Rh4 43. h3 Rch8 44. Rf3 f5 45. Nxg5 fxg4 46. Ne4 gxf3 47.
Qxf3 R8h6 48. Kf1 Rg6 49. Nf2 Qe3 50. Qb7+ Kh6 51. Ng4+ Rhxg4 52. hxg4 Qc1+ 53.
Ke2 Qxc2+ 54. Kf3 Qxd3+ 55. Kf2 Qd2+ 56. Kf3 Qe3+ 57. Kg2 Qg3+ 58. Kh1 Qxg4 59.
Qe4 Qh5# 0-1

[Event "Titled Tue 10th Jun Early"]
[Site "chess.com INT"]
[Date "2025.06.10"]
[Round "7"]
[White "Sihite, Chelsie Monica Ignesias"]
[Black "Montejo Bello, Lorena Beatriz"]
[Result "0-1"]
[WhiteTitle "WIM"]
[BlackTitle "WFM"]
[WhiteElo "2223"]
[BlackElo "2090"]
[WhiteFideId "7101198"]
[BlackFideId "3529045"]
[EventDate "2025.06.10"]

1. h3 d5 2. a3 e6 3. b3 Nf6 4. Bb2 c5 5. Nf3 Nc6 6. e3 Be7 7. Bb5 O-O 8. Ne5
Nxe5 9. Bxe5 a6 10. Be2 b5 11. a4 Bd7 12. O-O Bc6 13. d4 Nd7 14. Bg3 Bf6 15. c3
e5 16. a5 Re8 17. Ra2 b4 18. dxc5 bxc3 19. Nxc3 Nxc5 20. b4 Nb7 21. Na4 Nd6 22.
Nb6 Rb8 23. Bxa6 Ne4 24. Qd3 Nxg3 25. fxg3 e4 26. Qe2 d4 27. Bc4 d3 28. Qf2 Rxb6
29. axb6 Qxb6 30. b5 Bb7 31. g4 Rf8 32. g5 Bxg5 33. Qxf7+ Rxf7 34. Rxf7 Qxe3+
35. Raf2 h6 36. Rf3+ Kh7 37. Rxe3 Bxe3 38. Kf1 Bxf2 39. Kxf2 Kg6 40. Ke3 Kf5 41.
b6 Ke5 42. g3 g5 43. h4 Kd6 44. hxg5 hxg5 45. Kd4 Kc6 46. Ke5 Kxb6 47. Kf5 d2
48. Be2 e3 49. Kxg5 Ba6 50. Bf3 e2 51. Bxe2 Bxe2 52. Kf4 d1=Q 53. g4 Qg1 54. g5
Bd3 55. Ke5 Qxg5+ 56. Kd4 Qf4+ 57. Kc3 Qc7+ 58. Kb4 Qc4+ 59. Ka3 Qb5 60. Ka2
Bb1+ 61. Ka1 Bc2 62. Ka2 Qb3+ 63. Ka1 Qb1# 0-1

[Event "Titled Tue 10th Jun Early"]
[Site "chess.com INT"]
[Date "2025.06.10"]
[Round "7"]
[White "Kozlov, Oleg"]
[Black "Lopez, Henry"]
[Result "1/2-1/2"]
[WhiteTitle "IM"]
[WhiteElo "2253"]
[BlackElo "2050"]
[WhiteFideId "4104544"]
[BlackFideId "5203830"]
[EventDate "2025.06.10"]

1. d4 Nf6 2. c4 c5 3. d5 e6 4. Nc3 exd5 5. cxd5 d6 6. e4 g6 7. Bb5+ Nfd7 8. a4
Bg7 9. f4 O-O 10. Nf3 Na6 11. O-O Nb4 12. Re1 a6 13. Bf1 Re8 14. h3 Nf6 15. Nd2
Ng4 16. Nf3 Nf6 17. Ra3 Nh5 18. e5 Ng3 19. Bc4 Bf5 20. Kh2 Bc2 21. Qd2 Nf5 22.
Qf2 Rc8 23. e6 fxe6 24. dxe6 d5 25. Nxd5 Nxd5 26. Qxc2 Qd6 27. Rd3 Nd4 28. Nxd4
cxd4 29. Qb3 Nxf4 30. Rf3 Nd3+ 31. Kh1 Nxe1 32. Rf7 Rxc4 33. Qxc4 Qxe6 34. Rxg7+
Kxg7 35. Qxd4+ Kg8 36. Bd2 Qe2 37. Qd5+ Qe6 38. Qxb7 Qf7 39. Qc6 Nd3 40. Bc3
Nf2+ 41. Kg1 Ne4 42. Bd4 Ng3 43. Kh2 Nf5 44. Bc3 Qe6 45. Qb7 Qd6+ 46. Kg1 h5 47.
a5 h4 48. Qb3+ Qe6 49. Qb7 Qe3+ 50. Kh1 Qc1+ 51. Kh2 Qf4+ 52. Kh1 Qf1+ 53. Kh2
Qf4+ 54. Kg1 Qd6 55. Qb3+ Qe6 56. Qb7 Ne7 57. Qf3 Nf5 58. Qb7 1/2-1/2

[Event "Titled Tue 10th Jun Early"]
[Site "chess.com INT"]
[Date "2025.06.10"]
[Round "7"]
[White "Belov, Alexei"]
[Black "Mikhalsky, Vladimir"]
[Result "1-0"]
[WhiteTitle "IM"]
[WhiteElo "2421"]
[BlackElo "2219"]
[WhiteFideId "4128206"]
[BlackFideId "14144352"]
[EventDate "2025.06.10"]

1. e4 g6 2. d4 Bg7 3. Nc3 d6 4. f4 Nf6 5. Nf3 O-O 6. Be3 Nc6 7. e5 Ng4 8. Qe2
dxe5 9. dxe5 Nxe3 10. Qxe3 Nb4 11. Qf2 Bf5 12. Rc1 f6 13. Bc4+ Kh8 14. O-O fxe5
15. Nxe5 Bxe5 16. fxe5 Bxc2 17. Qc5 Nd3 18. Bxd3 Bxd3 19. Rfd1 Qd7 20. Qe3 Rad8
21. e6 Qd4 22. Qxd4+ Rxd4 23. Nb5 Bxb5 24. Rxd4 Bc6 25. b4 Rf6 26. Re1 Kg7 27.
Rd8 Rf4 28. a3 Rc4 29. Rc8 Rc2 30. Rxc7 Rxg2+ 31. Kf1 Rxh2 32. Rxe7+ Kf6 33.
Rf7+ Kg5 34. e7 Rh1+ 35. Kf2 Rh2+ 36. Ke3 Ra2 37. Kd4 Rxa3 38. Rxh7 Rb3 39. Kc4
Rb2 40. e8=Q Bxe8 41. Rxe8 Rc2+ 42. Kb3 Rc1 43. Rxb7 Ra1 44. Ree7 Kf4 45. Rxa7
Rb1+ 46. Kc3 g5 47. Rf7+ Kg3 48. Rg7 g4 49. Kc4 Kh3 50. Ra3+ Kh4 51. Rh7+ Kg5
52. b5 Rc1+ 53. Rc3 Rb1 54. Rb3 Rc1+ 55. Kb4 Kf4 56. Rf7+ Kg5 57. Rg7+ Kf5 58.
b6 Rc8 59. Kb5 Kf4 60. b7 Rb8 61. Kb6 Rf8 62. Rb4+ Kf3 63. Rgxg4 1-0

[Event "Titled Tue 10th Jun Early"]
[Site "chess.com INT"]
[Date "2025.06.10"]
[Round "7"]
[White "Vlassov, Nikolai"]
[Black "Sanal, Vahap"]
[Result "1/2-1/2"]
[WhiteTitle "IM"]
[BlackTitle "GM"]
[WhiteElo "2291"]
[BlackElo "2564"]
[WhiteFideId "4103360"]
[BlackFideId "6300545"]
[EventDate "2025.06.10"]

1. e4 e5 2. Bc4 Nf6 3. d3 Nc6 4. Nf3 Bc5 5. Bg5 h6 6. Bh4 Be7 7. Bg3 d6 8. Nc3
Bg4 9. h3 Bh5 10. Bh2 Qd7 11. g4 Bg6 12. Nh4 Nd4 13. f4 Bh7 14. Nf3 Nxf3+ 15.
Qxf3 exf4 16. Bxf4 c6 17. O-O-O Qc7 18. h4 O-O-O 19. Bxf7 Rhf8 20. Be6+ Kb8 21.
Qe3 Nd7 22. g5 hxg5 23. hxg5 Bg6 24. Bg4 Ne5 25. Bh5 Bxh5 26. Rxh5 g6 27. Rh4
Qa5 28. Kb1 Rh8 29. Rdh1 Rxh4 30. Rxh4 Nf7 31. Rh7 Rf8 32. a3 Qd8 33. d4 a6 34.
e5 dxe5 35. dxe5 Ka8 36. e6 Nd6 37. Be5 Nc8 38. Qd4 Qxd4 39. Bxd4 Bxg5 40. Rg7
Ne7 41. Bc5 Re8 42. Ne4 Bh4 43. Bxe7 Bxe7 44. Rxg6 Kb8 45. Nf6 Bxf6 46. Rxf6 Kc7
47. c4 Kd6 48. Kc2 Re7 49. Kd3 c5 50. Ke4 Rxe6+ 51. Rxe6+ Kxe6 52. b4 Kd6 53.
Kf5 b6 54. Ke4 Ke6 55. bxc5 bxc5 56. a4 a5 57. Kf4 Kf6 58. Ke4 Ke6 59. Kf4 Kf6
60. Ke4 Ke6 1/2-1/2

[Event "Titled Tue 10th Jun Early"]
[Site "chess.com INT"]
[Date "2025.06.10"]
[Round "7"]
[White "Sathvik Adiga"]
[Black "Yildiz, Egehan"]
[Result "0-1"]
[WhiteTitle "IM"]
[BlackTitle "FM"]
[WhiteElo "2341"]
[BlackElo "2198"]
[WhiteFideId "25745700"]
[BlackFideId "44518072"]
[EventDate "2025.06.10"]

1. e4 c6 2. d4 d5 3. Nc3 dxe4 4. Nxe4 Nf6 5. Nxf6+ exf6 6. c3 Bd6 7. Bd3 O-O 8.
Qc2 Re8+ 9. Ne2 h5 10. O-O h4 11. h3 Nd7 12. Bf4 Nf8 13. Bxd6 Qxd6 14. Qd2 Ng6
15. Rfe1 f5 16. Rad1 Be6 17. c4 Rad8 18. Qg5 Qb4 19. Qc1 Qd6 20. Bb1 a5 21. b3
a4 22. d5 cxd5 23. c5 Qa6 24. Nd4 Rc8 25. b4 Qc4 26. Qd2 Bd7 27. Qb2 Nf4 28. Qd2
Ng6 29. Rc1 Qa6 30. Rxe8+ Rxe8 31. Bxf5 Bxf5 32. Nxf5 Qe6 33. Nd4 Qe4 34. f3 Qe5
35. b5 Nf4 36. Kh1 Nh5 37. Nc2 Ng3+ 38. Kg1 Ne2+ 39. Kf1 Nxc1 40. Qxc1 Qc3 41.
Qd1 Qxc5 42. Ne1 Qxb5+ 43. Kg1 Qc5+ 44. Kh2 d4 45. Nd3 Qd6+ 46. Kg1 Re3 47. Nf2
Qe6 48. Kf1 Qc4+ 49. Kg1 Qe2 50. Qxd4 Qe1+ 51. Kh2 Qxf2 52. Qd8+ Kh7 53. Qxh4+
Qxh4 54. Kg1 Re1+ 55. Kh2 Qf4+ 56. g3 Qd2# 0-1

[Event "Titled Tue 10th Jun Early"]
[Site "chess.com INT"]
[Date "2025.06.10"]
[Round "7"]
[White "Srihari, L R"]
[Black "Bharath, Subramaniyam H"]
[Result "1-0"]
[WhiteTitle "IM"]
[BlackTitle "GM"]
[WhiteElo "2480"]
[BlackElo "2558"]
[WhiteFideId "46617116"]
[BlackFideId "46634827"]
[EventDate "2025.06.10"]

1. Nf3 d5 2. e3 Nf6 3. c4 e6 4. Nc3 Bd6 5. b3 O-O 6. Bb2 Re8 7. d4 b6 8. Bd3 Bb7
9. O-O Nbd7 10. Qc2 dxc4 11. Bxc4 Bxf3 12. gxf3 Nh5 13. Ne4 Qh4 14. Nxd6 cxd6
15. Qe4 Qd8 16. Qg4 Ndf6 17. Qg2 d5 18. Bb5 Re7 19. Rfc1 Rc8 20. Qf1 Rec7 21.
Rxc7 Rxc7 22. Rc1 g6 23. Ba3 Ng7 24. Rxc7 Qxc7 25. Qc1 Qd8 26. Qc6 Nf5 27. Ba6
Ne8 28. Qc8 Qxc8 29. Bxc8 Nc7 30. Kf1 f6 31. Ke2 Kf7 32. Kd3 Nh4 33. Bd6 Ne8 34.
Bb8 a5 35. Ke2 Ke7 36. Ba7 b5 37. Ba6 Nc7 38. Bb7 Kd7 39. Bb6 a4 40. bxa4 bxa4
41. e4 dxe4 42. fxe4 Nb5 43. Kd3 Nf3 44. d5 exd5 45. exd5 Nd6 46. Bc6+ Ke7 47.
Bxa4 Nxh2 48. Bc6 Ng4 49. a4 Ne5+ 50. Kd4 Nf5+ 51. Kc5 Nd3+ 52. Kc4 Ne5+ 53. Kb5
Nd6+ 54. Kb4 1-0

[Event "Titled Tue 10th Jun Early"]
[Site "chess.com INT"]
[Date "2025.06.10"]
[Round "7"]
[White "Maghsoodloo, Parham"]
[Black "Galchenko, Matvey"]
[Result "1-0"]
[WhiteTitle "GM"]
[BlackTitle "IM"]
[WhiteElo "2691"]
[BlackElo "2435"]
[WhiteFideId "12539929"]
[BlackFideId "24175480"]
[EventDate "2025.06.10"]

1. d4 Nf6 2. c4 c5 3. Nf3 cxd4 4. Nxd4 e5 5. Nf3 Nc6 6. a3 e4 7. Nd4 Bc5 8. Nb3
Bb6 9. Nc3 O-O 10. Bf4 e3 11. f3 Nh5 12. Bd6 Re8 13. g3 Bc7 14. Bh3 Bxd6 15.
Qxd6 Ne5 16. c5 b6 17. O-O bxc5 18. Nxc5 Qb6 19. N5e4 Ba6 20. Qxb6 axb6 21. b3
d5 22. f4 dxe4 23. fxe5 Rxe5 24. Rf5 Rae8 25. Rxe5 Rxe5 26. Rd1 g6 27. b4 Bc4
28. a4 Re7 29. Rd6 f5 30. Rxb6 Rc7 31. b5 Bb3 32. Rc6 Rxc6 33. bxc6 Kf7 34. a5
Bc4 35. c7 Ba6 36. Na4 Ke7 37. Nb6 Bc8 38. Nxc8+ Kd7 39. a6 Kxc7 40. a7 Kb7 41.
Bg2 Nf6 42. h3 h5 43. Kf1 Nd7 44. h4 Ne5 45. Ke1 Nc4 46. Ne7 Ne5 47. Nc8 Nc4 48.
Kd1 Ne5 49. Kc2 Nc4 50. Kc3 Ne5 51. Kd4 Nc6+ 52. Kxe3 Nxa7 53. Ne7 Nb5 54. Nxg6
Nd6 55. Nf4 Kc7 56. Nxh5 Nc4+ 57. Kf4 Kd6 58. Ng7 Ke7 59. Nxf5+ Kf6 60. Bxe4 Ne5
61. g4 Ng6+ 62. Kg3 Ne5 63. g5+ Kf7 64. Ne3 Nd7 65. Bf5 Kg7 66. Ng4 1-0

[Event "Titled Tue 10th Jun Early"]
[Site "chess.com INT"]
[Date "2025.06.10"]
[Round "7"]
[White "Pajcin, Lav"]
[Black "Paltrinieri, Nicholas"]
[Result "1-0"]
[WhiteTitle "FM"]
[BlackTitle "FM"]
[WhiteElo "2281"]
[BlackElo "2359"]
[WhiteFideId "966746"]
[BlackFideId "828262"]
[EventDate "2025.06.10"]

1. d4 e6 2. c4 f5 3. g3 Nf6 4. Bg2 Be7 5. Nf3 d6 6. O-O O-O 7. Nc3 a5 8. Qd3 Nc6
9. d5 Nb4 10. Qd1 e5 11. Rb1 Qe8 12. a3 Na6 13. b4 Qh5 14. e3 Bd7 15. Nd2 Qh6
16. c5 axb4 17. axb4 dxc5 18. b5 Nb4 19. Nc4 e4 20. b6 cxb6 21. Nxb6 Ng4 22. h3
Qxb6 23. hxg4 Bf6 24. Bd2 g6 25. gxf5 gxf5 26. Qh5 Qd6 27. g4 Bg7 28. gxf5 Rxf5
29. Nxe4 Rxh5 30. Nxd6 Be5 31. Nc4 Bh2+ 32. Kh1 Bb5 33. Rfc1 Ra2 34. Bf3 Rh4 35.
Bxb4 cxb4 36. d6 Rxf2 37. Bd5+ Kf8 38. Rf1 Bxd6+ 39. Kg1 Rxf1+ 40. Rxf1+ Kg7 41.
Rf7+ Kg6 42. Nxd6 Bd3 43. Rc7 Rg4+ 44. Kf2 h5 45. Rxb7 h4 46. Rb6 Kg7 47. Ne8+
Kf8 48. Nf6 Rg5 49. Rb8+ Ke7 50. Ng8+ Kd6 51. e4 h3 52. Nf6 h2 53. Rh8 Ke5 54.
Nd7+ Kd6 55. Nf8 Rg4 56. Rxh2 Rf4+ 57. Ke3 Rxf8 58. Kxd3 Kc5 59. Rc2+ Kb5 60.
Rb2 Rf3+ 61. Kd4 Ka4 62. e5 Ka3 63. Rb3+ Rxb3 64. Bxb3 Kxb3 65. e6 Ka2 66. e7 b3
67. e8=Q b2 68. Qa4+ Kb1 69. Kc3 Kc1 70. Qc2# 1-0

[Event "Titled Tue 10th Jun Early"]
[Site "chess.com INT"]
[Date "2025.06.10"]
[Round "7"]
[White "Suvradeepta, Das"]
[Black "Yushko, Olga"]
[Result "1-0"]
[WhiteTitle "FM"]
[BlackTitle "WFM"]
[WhiteElo "2230"]
[BlackElo "2033"]
[WhiteFideId "5058031"]
[BlackFideId "14114500"]
[EventDate "2025.06.10"]

1. d4 Nf6 2. Bf4 e6 3. e3 d5 4. Nd2 c5 5. c3 Nc6 6. Bd3 Bd6 7. Bg3 O-O 8. Ngf3
Re8 9. O-O e5 10. dxe5 Nxe5 11. Nxe5 Bxe5 12. Bxe5 Rxe5 13. Nf3 Rh5 14. Be2 Qc7
15. b4 Bg4 16. g3 Ne4 17. Rc1 Bh3 18. Re1 Rd8 19. Qa4 a6 20. c4 Rf5 21. Qc2 Bg4
22. cxd5 Nf6 23. Nh4 Rfxd5 24. Bxg4 Nxg4 25. Qe4 Nf6 26. Qf3 b6 27. Nf5 Qe5 28.
Nh4 Ne4 29. bxc5 bxc5 30. Rcd1 Nd2 31. Qe2 Qc3 32. Nf3 Nxf3+ 33. Qxf3 Rd2 34.
Rxd2 Qxd2 35. Rb1 Qxa2 36. Rb7 a5 37. Qc6 h6 38. Qxc5 a4 39. Ra7 Rd1+ 40. Kg2
Rd2 41. Qc8+ Kh7 42. Qf5+ g6 43. Qxf7+ Qxf7 44. Rxf7+ Kg8 45. Ra7 Ra2 46. h4 h5
47. Kf3 Kf8 48. e4 Kg8 49. Ke3 Kf8 50. f3 Ra3+ 51. Kf4 Kg8 52. g4 Kf8 53. g5 Kg8
54. e5 Kf8 55. Ke4 Ke8 56. f4 Ra1 57. Kd5 a3 58. Ke6 Kf8 59. Kf6 Ke8 60. Kxg6
Rf1 61. f5 Rf3 62. e6 1-0

[Event "Titled Tue 10th Jun Early"]
[Site "chess.com INT"]
[Date "2025.06.10"]
[Round "7"]
[White "Alonso Rosell, Alvar"]
[Black "Le, Tuan Minh"]
[Result "1-0"]
[WhiteTitle "GM"]
[BlackTitle "GM"]
[WhiteElo "2536"]
[BlackElo "2598"]
[WhiteFideId "2270544"]
[BlackFideId "12401153"]
[EventDate "2025.06.10"]

1. d4 d5 2. c4 c6 3. Nf3 Nf6 4. Nc3 a6 5. c5 Nbd7 6. Bf4 Nh5 7. Bd2 g6 8. Qc2
Bg7 9. g3 O-O 10. Bg2 e5 11. dxe5 Nxe5 12. O-O Qe7 13. Na4 Bf5 14. Qc1 Rae8 15.
Nd4 Bd7 16. Bh6 Ng4 17. Bxg7 Nxg7 18. Nb6 h5 19. b4 Nf5 20. Nf3 Be6 21. Qf4 Nf6
22. Ng5 d4 23. Rfe1 Rd8 24. Bh3 Nd5 25. Nxd5 Rxd5 26. Nxe6 fxe6 27. Qe4 Qf6 28.
Rf1 Re5 29. Qd3 g5 30. Rae1 Rd5 31. Bg2 Rd7 32. Qc4 Kh8 33. Rd1 h4 34. g4 Nh6
35. h3 Nf7 36. e3 Ne5 37. Qc2 Rfd8 38. exd4 Ng6 39. d5 exd5 40. Rfe1 Nf4 41. Bf1
Re7 42. Qd2 Rde8 43. Rxe7 Qxe7 44. a4 Qe5 45. b5 axb5 46. axb5 Kg7 47. bxc6 bxc6
48. Rb1 Re7 49. Qc2 Qd4 50. Qf5 Qf6 51. Qc2 Ne6 52. Rb6 Nd4 53. Qc1 Nf3+ 54. Kg2
Re1 55. Rb7+ Kh6 56. Qc2 Re4 57. Qb2 d4 58. Rd7 Qf4 59. Rd6+ Kg7 60. Qb7+ Kf8
61. Rd8+ Re8 62. Rxe8+ Kxe8 63. Qxc6+ Ke7 64. Qxf3 Qc1 65. Qd3 Qxc5 66. Be2 Kd6
67. Bf3 Qe5 68. Qg6+ Kc5 69. Qf5 Kd6 70. Qxe5+ Kxe5 71. Kf1 d3 72. Ke1 Kf4 73.
Bg2 1-0